Statistics for Countries with the Shortest Coastline by Size

Click here to take the quiz!

General Stats

  • This quiz has been taken 24 times
  • The average score is 11 of 20

Answer Stats

KmCountry% Correct
211Democratic Republic of the Congo
80%
7Monaco
75%
3150Bangladesh
70%
95Belgium
60%
121Benin
60%
18Bosnia and Herzegovina
60%
50Togo
60%
3790Egypt
55%
20Nauru
55%
2190Nigeria
55%
1450Pakistan
55%
78Tuvalu
55%
91Iraq
50%
107Saint Kitts and Nevis
50%
27Slovenia
50%
136Bahrain
45%
97Singapore
45%
27Jordan
35%
176Syria
35%
90Barbados
30%

Score Distribution

Percentile by Number Answered

Percent of People with Each Score

Your Score History

You have not taken this quiz